A szócikkek nem változnak, legföljebb javultak
Elmentve itt :
| Szerzők: | |
|---|---|
| Dokumentumtípus: | Cikk |
| Megjelent: |
2002-06-29
|
| Sorozat: | Délmagyarország
92 No. 150 Na |
| Kulcsszavak: | Temesi Ferenc 1949-, Szeged, Szépirodalom Szeged 20.sz. |
| Online Access: | http://dmarchiv.bibl.u-szeged.hu/131706 |
| LEADER | 00554nab a2200169 i 4500 | ||
|---|---|---|---|
| 001 | delm131706 | ||
| 005 | 20191118083240.0 | ||
| 008 | 191118s2002 hu o 0|| hun d | ||
| 040 | |a SZTE Délmagyarország Archívum |b hun | ||
| 041 | |a hun | ||
| 100 | 1 | |a Sulyok Erzsébet | |
| 245 | 1 | 2 | |a A szócikkek nem változnak, legföljebb javultak |h [elektronikus dokumentum] / |c Sulyok Erzsébet |
| 260 | |c 2002-06-29 | ||
| 300 | |a 1 | ||
| 490 | 0 | |a Délmagyarország |v 92 No. 150 Na | |
| 695 | |a Temesi Ferenc 1949-, Szeged, Szépirodalom Szeged 20.sz. | ||
| 700 | 0 | 1 | |a Temesi Ferenc |e aut |